Conmemoración de la Fiesta Nacional del Libro Español / (Record no. 57886)

MARC details
000 -LEADER
campo de control de longitud fija 00728nam a2200181 i 4500
001 - NÚMERO DE CONTROL
campo de control 57886
003 - IDENTIFICADOR DE NÚMERO DE CONTROL
campo de control ES-MaACL
005 - FECHA Y HORA DE LA ÚLTIMA TRANSACCIÓN
campo de control 20230906163655.0
007 - CAMPO FIJO DE DESCRIPCIÓN FÍSICA--INFORMACIÓN GENERAL
campo de control de longitud fija t|
008 - DATOS DE LONGITUD FIJA--INFORMACIÓN GENERAL
campo de control de longitud fija 031020s1975 sp ||||1| spa d
100 1# - ENTRADA PRINCIPAL--NOMBRE DE PERSONA
Nombre de persona Dou, Alberto.
9 (RLIN) 45470
245 10 - MENCIÓN DEL TÍTULO
Título Conmemoración de la Fiesta Nacional del Libro Español /
Mención de responsabilidad, etc. comentario a la "Combinatoria de Sebastián Izquierdo" de Ramón Ceñal por Alberto Dou Mas de Xexas ; algunas consideraciones sobre el libro manuscrito por Agustín Millares Carlo.
260 ## - PUBLICACIÓN, DISTRIBUCIÓN, ETC.
Lugar de publicación, distribución, etc. [Madrid] :
Nombre del editor, distribuidor, etc. Instituto de España,
Fecha de publicación, distribución, etc. [1975]
300 ## - DESCRIPCIÓN FÍSICA
Extensión 49 p. :
Otras características físicas il. ;
Dimensiones 23 cm.
700 1# - ENTRADA AGREGADA--NOMBRE PERSONAL
Nombre de persona Millares Carlo, Agustín,
Fechas asociadas al nombre 1893-1980
9 (RLIN) 81176
852 ## - LOCALIZACIÓN
Ubicación ES-MaACL
Número de control de estantería 2100-F-1
Sublocalización o colección R.93108
Holdings
Estatus retirado Estado de pérdida Estado de daño No para préstamo Colección Biblioteca de origen Biblioteca actual Ubicación en estantería Fecha de adquisición Fuente de adquisición Total de préstamos Signatura topográfica completa Código de barras Visto por última vez Precio de reemplazo Tipo de ítem Koha
        Colección de folletos Biblioteca del Ateneo de Madrid Biblioteca del Ateneo de Madrid Depósito folletos 17/01/2008     2100-F-1 1060756 23/02/2023 23/02/2023 Folleto